Materiálne aspekty osobitného príspevku podľa zákona o dohľade nad finančným trhom ako sankcie

Národná banka Slovenska vykonáva dohľad nad finančným trhom. Osobitne zabezpečuje ochranu finančného spotrebiteľa. Jedným zo spôsobov ochrany je aj ukladanie sankcii za protiprávne konanie. V zmysle základných princípov ukladania trestov by sa tieto mali ukladať na základe a v medziach zákona. To al...

Ausführliche Beschreibung

Gespeichert in:
Bibliographische Detailangaben
1. Verfasser: Úradník, Michal
Format: Buchkapitel
Sprache:Slowakisch
Schlagworte:
Tags: Tag hinzufügen
Keine Tags, Fügen Sie das erste Tag hinzu!

MARC

LEADER 00000naa a2200000 4500
001 0299927
005 20240409140308.1
041 0 |a slo 
044 |a SK 
245 1 0 |a Materiálne aspekty osobitného príspevku podľa zákona o dohľade nad finančným trhom ako sankcie  |c Michal Úradník 
520 |a Národná banka Slovenska vykonáva dohľad nad finančným trhom. Osobitne zabezpečuje ochranu finančného spotrebiteľa. Jedným zo spôsobov ochrany je aj ukladanie sankcii za protiprávne konanie. V zmysle základných princípov ukladania trestov by sa tieto mali ukladať na základe a v medziach zákona. To ale neplatí absolútne, keďže osobitný príspevok podľa § 40a zákona o dohľade nad finančným trhom nie je v tomto zákone označený ako sankcia. Na podklade právnej komparácie a analýzy sú dedukciou akcentované vlastnosti osobitného príspevku ako sankcie nastupujúcej za contra legem konanie. 
610 2 0 |a dohľad nad finančným trhom 
610 2 0 |a banky centrálne 
610 2 0 |a sankcie 
610 2 0 |a ochrana spotrebiteľa 
100 1 |a Úradník, Michal